Online
Catalog

Del rey y de la institución real / (Record no. 14024)

MARC details
000 -CABECERA
campo de control de longitud fija 00768cam a2200241 a 4500
001 - NÚMERO DE CONTROL
campo de control 000014434
005 - FECHA Y HORA DE LA ÚLTIMA TRANSACCIÓN
campo de control 20250314135209.0
008 - DATOS DE LONGITUD FIJA--INFORMACIÓN GENERAL
campo de control de longitud fija 780210s1976 sp 000 0 spa d
020 ## - NÚMERO INTERNACIONAL ESTÁNDAR DEL LIBRO
Número Internacional Estándar del Libro 8432503193
040 ## - FUENTE DE LA CATALOGACIÓN
Centro catalogador/agencia de origen DO-SdBNP
Lengua de catalogación spa
Centro/agencia transcriptor LC
Centro/agencia modificador BNPHU
082 ## - NÚMERO DE LA CLASIFICACIÓN DECIMAL DEWEY
Número de clasificación 321.6
Número de documento/Ítem M333d
049 ## - FONDOS LOCALES (OCLC)
Fondos de biblioteca BNGR
100 1# - ENTRADA PRINCIPAL--NOMBRE DE PERSONA
Nombre de persona Mariana, Juan de,
Fechas asociadas al nombre 1535-1624.
9 (RLIN) 32563
245 10 - MENCIÓN DE TÍTULO
Título Del rey y de la institución real /
Mención de responsabilidad, etc. Juan de Mariana.
260 ## - PUBLICACIÓN, DISTRIBUCIÓN, ETC.
Lugar de publicación, distribución, etc. Madrid, (España) :
Nombre del editor, distribuidor, etc. Editorial Doncel,
Fecha de publicación, distribución, etc. 1976.
300 ## - DESCRIPCIÓN FÍSICA
Extensión 381 p. ;
Dimensiones 18 cm.
490 1# - MENCIÓN DE SERIE
Mención de serie El Libro de Bolsillo Doncel,
Designación de volumen o secuencia 106
650 #4 - PUNTO DE ACCESO ADICIONAL DE MATERIA--TÉRMINO DE MATERIA
Término de materia o nombre geográfico como elemento de entrada Monarquía
9 (RLIN) 32448
650 #4 - PUNTO DE ACCESO ADICIONAL DE MATERIA--TÉRMINO DE MATERIA
Término de materia o nombre geográfico como elemento de entrada Educación de principes
9 (RLIN) 32564
650 #0 - PUNTO DE ACCESO ADICIONAL DE MATERIA--TÉRMINO DE MATERIA
Término de materia o nombre geográfico como elemento de entrada Ciencia política
9 (RLIN) 5772
830 #0 - PUNTO DE ACCESO ADICIONAL DE SERIE-TÍTULO UNIFORME
Título uniforme El Libro de Bolsillo Doncel,
Designación de volumen o secuencia 106
9 (RLIN) 8628
910 ## - DATOS DE OPCIÓN DEL USUARIO (OCLC)
Datos de opción del usuario Catalogación por copia / LC
Holdings
Estado de retiro Estado de pérdida Restricciones de uso No para préstamo Código de colección Localización permanente Ubicación/localización actual Ubicación en estantería Fecha de adquisición Número de inventario Total de préstamos Signatura topográfica completa Código de barras Fecha visto por última vez Precio válido a partir de Tipo de ítem Koha Número de copia
        Monografías: Libros y Folletos General General En catalogación 14.12.2009 LF1   321.6 M333d 14434-10 25.06.2020 25.06.2020 Préstamo en sala  
      Excluido de préstamo Monografías: Libros y Folletos General General En catalogación 06.09.2010 LF1   321.6 M333d 14434-20 25.06.2020 25.06.2020 No se presta e.2

Powered by Koha